[Event "I Festival Parthenope A"]
[Site "Napoli ITA"]
[Date "2005.05.15"]
[Round "6"]
[White "Ficco, Corrado"]
[Black "Fezza, Davide"]
[Result "1-0"]
[WhiteElo "2148"]
[BlackElo "2068"]
[PlyCount "109"]
[EventDate "2005.05.13"]

1. e4 c5 2. Nf3 e6 3. d4 cxd4 4. Nxd4 a6 5. Bd3 b5 6. O-O Qb6 7. Be3 Bc5 8. c3
Qc7 9. Qg4 Kf8 10. Qg5 Be7 11. Qh5 Nf6 12. Qe2 h5 13. Nd2 d5 14. exd5 Nxd5 15.
Ne4 Nd7 16. Rae1 Ne5 17. Bc1 Nxd3 18. Qxd3 Bb7 19. Ng5 Bxg5 20. Bxg5 Re8 21. f4
Nf6 22. h3 Qc4 23. Qxc4 bxc4 24. Bxf6 gxf6 25. Nc2 Rg8 26. Ne3 Rc8 27. Kf2 h4
28. Rg1 f5 29. Rd1 Ke7 30. Rd4 Rgd8 31. Rgd1 Rxd4 32. Rxd4 Be4 33. Rxc4 Rxc4
34. Nxc4 Bd5 35. Nd2 Bxa2 36. b3 Kd6 37. Ke3 Kd5 38. Kd3 f6 39. c4+ Kc5 40. Kc3
e5 41. b4+ Kd6 42. Kb2 Bxc4 43. Nxc4+ Kd5 44. Kc3 Ke4 45. fxe5 fxe5 46. Nd6+
Kf4 47. Kd2 e4 48. Ke2 Ke5 49. Ne8 Kf4 50. Nc7 Kg3 51. Kf1 f4 52. Nxa6 e3 53.
Nc5 e2+ 54. Kxe2 Kxg2 55. Nd3 1-0

[Event "I Festival Parthenope A"]
[Site "Napoli ITA"]
[Date "2005.05.15"]
[Round "6"]
[White "Fumo, Guglielmo"]
[Black "Cerrato, Roberto"]
[Result "1/2-1/2"]
[WhiteElo "1937"]
[BlackElo "1813"]
[PlyCount "68"]
[EventDate "2005.05.13"]

1. e4 e6 2. d4 d5 3. Nc3 Bb4 4. e5 c5 5. a3 Bxc3+ 6. bxc3 Qa5 7. Bd2 Qa4 8. Nf3
b6 9. Be2 Ba6 10. O-O Bxe2 11. Qxe2 Ne7 12. dxc5 bxc5 13. Rfe1 O-O 14. Ra2 Nd7
15. h3 Rab8 16. Bg5 Ng6 17. Qd2 h6 18. Be3 Rfc8 19. g3 Ngxe5 20. Nh2 Nc4 21.
Qd1 Nxe3 22. Rxe3 Nf6 23. Nf3 Qb5 24. Ra1 Rb6 25. Ne5 Rcb8 26. Kg2 Qb2 27. c4
d4 28. Re1 Qc3 29. Qe2 Rb2 30. Rec1 R8b3 31. Nd3 Rxc2 32. Qxc2 Qxd3 33. Qxd3
Rxd3 34. Rd1 Rc3 1/2-1/2

[Event "I Festival Parthenope A"]
[Site "Napoli ITA"]
[Date "2005.05.15"]
[Round "6"]
[White "Gallina, Giacomo"]
[Black "Schiappoli, Dario"]
[Result "0-1"]
[WhiteElo "1844"]
[BlackElo "1954"]
[PlyCount "124"]
[EventDate "2005.05.13"]

1. e4 c5 2. Nc3 Nc6 3. f4 g6 4. Nf3 Bg7 5. a3 a6 6. Bc4 e6 7. Bb3 Nge7 8. d3
O-O 9. O-O d6 10. Qe1 Nd4 11. Nxd4 cxd4 12. Ne2 Bd7 13. Qf2 Nc6 14. Qg3 f5 15.
Qh3 Kh8 16. exf5 exf5 17. Kh1 Qf6 18. Bd2 Rfe8 19. Ng1 Be6 20. c4 dxc3 21. Bxc3
Qf7 22. Bxe6 Qxe6 23. Rae1 Qd7 24. Nf3 Rxe1 25. Rxe1 Re8 26. Ng5 Rxe1+ 27. Bxe1
Bxb2 28. d4 Bxd4 29. Bc3 Bxc3 30. Qxc3+ Qg7 31. Nf7+ Kg8 32. Qxg7+ Kxg7 33.
Nxd6 b5 34. Kg1 Kf8 35. Kf2 Ke7 36. Nc8+ Kd7 37. Nb6+ Kd6 38. Ke3 Ne7 39. a4
Kc6 40. a5 Nd5+ 41. Nxd5 Kxd5 42. Kd3 Kc5 43. Kc3 b4+ 44. Kb3 Kb5 45. h3 h5 46.
g3 Kxa5 47. Kc4 b3 48. Kxb3 Kb5 49. Kc3 Kc5 50. Kd3 Kd5 51. Ke3 a5 52. Kf3 a4
53. g4 a3 54. gxh5 gxh5 55. Kg3 Ke4 56. Kh4 Kxf4 57. Kxh5 a2 58. Kg6 Ke4 59. h4
f4 60. h5 f3 61. h6 f2 62. h7 a1=B 0-1

[Event "I Festival Parthenope A"]
[Site "Napoli ITA"]
[Date "2005.05.15"]
[Round "6"]
[White "Lombardi, Ottavio"]
[Black "Messina, Enrico"]
[Result "0-1"]
[WhiteElo "1553"]
[BlackElo "2133"]
[PlyCount "36"]
[EventDate "2005.05.13"]

1. c4 e5 2. Nc3 Nc6 3. e4 g6 4. g3 Bg7 5. Bg2 Nge7 6. Nge2 O-O 7. O-O d6 8. d3
f5 9. Be3 Nd4 10. b4 fxe4 11. dxe4 Bg4 12. Bxd4 exd4 13. Nd5 Nxd5 14. exd5 d3
15. Qxd3 Bxa1 16. Rxa1 Rxf2 17. Kxf2 Qf6+ 18. Nf4 Qxa1 0-1

[Event "I Festival Parthenope A"]
[Site "Napoli ITA"]
[Date "2005.05.15"]
[Round "6"]
[White "Mautone, Valerio"]
[Black "Bianco, Raffaele"]
[Result "0-1"]
[WhiteElo "2018"]
[BlackElo "2092"]
[PlyCount "84"]
[EventDate "2005.05.13"]

1. e4 d6 2. d4 Nf6 3. Nc3 g6 4. f3 Bg7 5. Be3 c6 6. Qd2 Nbd7 7. Bh6 Bxh6 8.
Qxh6 b5 9. Bd3 Qb6 10. Nge2 a5 11. f4 e5 12. fxe5 dxe5 13. O-O exd4 14. Nb1 c5
15. e5 Ng4 16. Qg7 Rf8 17. Be4 d3 18. cxd3 Ra7 19. Nbc3 Ndxe5 20. Nd5 Qd6 21.
Nf6+ Nxf6 22. Rxf6 Be6 23. Qxh7 Nd7 24. Rf2 Qe5 25. Bxg6 fxg6 26. Rxf8+ Kxf8
27. Rf1+ Ke8 28. Qxg6+ Kd8 29. Nc3 b4 30. Ne4 Qd4+ 31. Rf2 Bxa2 32. Nd6 Qe3 33.
Qh5 Qxd3 34. Qh4+ Kc7 35. Ne8+ Kb6 36. Qd8+ Kb5 37. Nc7+ Ka4 38. b3+ Bxb3 39.
Na8 Qd1+ 40. Rf1 Qd4+ 41. Rf2 c4 42. Nc7 c3 0-1

[Event "I Festival Parthenope A"]
[Site "Napoli ITA"]
[Date "2005.05.15"]
[Round "6"]
[White "Piscopo, Pierluigi"]
[Black "Solodovnichenko, Yuri"]
[Result "0-1"]
[WhiteElo "2353"]
[BlackElo "2519"]
[PlyCount "84"]
[EventDate "2005.05.13"]

1. e4 c5 2. Nf3 d6 3. Bb5+ Nd7 4. O-O Ngf6 5. d4 a6 6. Bxd7+ Nxd7 7. Nc3 cxd4
8. Qxd4 e6 9. Bg5 Qc7 10. Rfe1 Ne5 11. Rad1 Bd7 12. Nd2 h6 13. Be3 b5 14. Kh1
Nc6 15. Qd3 Nb4 16. Qe2 Nxc2 17. Nd5 Qb7 18. Nb3 Nxe1 19. Na5 Qb8 20. Rxe1 Be7
21. Bd4 e5 22. Be3 Bd8 23. Qd2 Be6 24. Nc6 Qb7 25. Rc1 O-O 26. Bxh6 Bxd5 27.
exd5 gxh6 28. Qxh6 f5 29. Rc3 Bf6 30. Rg3+ Bg7 31. Qxd6 Rac8 32. h4 Qf7 33. Rg6
Kh7 34. h5 Bf6 35. Kg1 f4 36. b3 a5 37. Kf1 a4 38. b4 Bg7 39. f3 e4 40. Qc5
exf3 41. gxf3 Qf5 42. d6 Qb1+ 0-1

[Event "I Festival Parthenope A"]
[Site "Napoli ITA"]
[Date "2005.05.15"]
[Round "6"]
[White "Sannino, Raffaele"]
[Black "Gallo, Thomas Renato"]
[Result "1/2-1/2"]
[WhiteElo "2022"]
[BlackElo "1802"]
[PlyCount "63"]
[EventDate "2005.05.13"]

1. e4 e6 2. Nc3 c5 3. g3 b6 4. Bg2 Bb7 5. Nge2 d5 6. O-O Be7 7. exd5 exd5 8. d4
c4 9. b3 cxb3 10. axb3 Nf6 11. Bf4 O-O 12. Nb5 Na6 13. c4 Nh5 14. Be3 Nf6 15.
Nec3 Qd7 16. Qf3 Nb4 17. Rxa7 Rxa7 18. Nxa7 Rb8 19. Qe2 dxc4 20. Bxb7 Rxb7 21.
Nab5 cxb3 22. Qc4 b2 23. Qe2 Nfd5 24. Rb1 Nxc3 25. Nxc3 Nd5 26. Nb5 Ba3 27. Qd3
Bb4 28. Rxb2 Ba5 29. Qc4 Rb8 30. Rc2 h6 31. Qc6 Qf5 32. Rc1 1/2-1/2

[Event "I Festival Parthenope A"]
[Site "Napoli ITA"]
[Date "2005.05.15"]
[Round "6"]
[White "Stromboli, Carlo"]
[Black "Orefice, Nino"]
[Result "0-1"]
[WhiteElo "2172"]
[BlackElo "1822"]
[PlyCount "80"]
[EventDate "2005.05.13"]

1. Nc3 d5 2. e3 Nf6 3. Nf3 g6 4. Be2 Bg7 5. d4 O-O 6. Ne5 c6 7. h4 Nbd7 8. Nd3
Qc7 9. Bf3 e5 10. dxe5 Nxe5 11. Nxe5 Qxe5 12. Qe2 Bf5 13. g4 Be4 14. Bxe4 Nxe4
15. Nxe4 Qxe4 16. f3 Qb4+ 17. Kf2 f5 18. g5 Qe7 19. Qd3 Rae8 20. Bd2 Be5 21.
Bc3 Bxc3 22. Qxc3 Qe5 23. Qxe5 Rxe5 24. Rae1 Rfe8 25. c3 Kg7 26. h5 f4 27. hxg6
fxe3+ 28. Ke2 hxg6 29. f4 Re4 30. Rh4 Rh8 31. Reh1 Rxh4 32. Rxh4 c5 33. Rh3 d4
34. Rf3 d3+ 35. Ke1 c4 36. Rh3 b5 37. Rg3 a5 38. Rh3 e2 39. Rg3 d2+ 40. Kf2
e1=Q+ 0-1

[Event "I Festival Parthenope A"]
[Site "Napoli ITA"]
[Date "2005.05.15"]
[Round "6"]
[White "Stromboli, Ettore"]
[Black "Altieri, Danilo Mario"]
[Result "1-0"]
[WhiteElo "2198"]
[BlackElo "2023"]
[PlyCount "73"]
[EventDate "2005.05.13"]

1. e4 d5 2. exd5 Nf6 3. d4 Nxd5 4. c4 Nb4 5. a3 N4c6 6. Be3 g6 7. Nf3 Bg4 8.
Be2 Bg7 9. Nbd2 Nd7 10. h3 Bxf3 11. Nxf3 O-O 12. Qc2 e5 13. d5 Nd4 14. Bxd4
exd4 15. O-O c5 16. dxc6 bxc6 17. c5 Qe7 18. Rad1 Qxc5 19. Qxc5 Nxc5 20. Nxd4
Na4 21. Nxc6 Nxb2 22. Rd7 a5 23. Bf3 Ra6 24. Bd5 Bf6 25. Rd6 Kg7 26. Rb1 Na4
27. Bc4 Raa8 28. Rb5 Nc3 29. Rxa5 Rxa5 30. Nxa5 Ne4 31. Rd7 Nc5 32. Rc7 Ne4 33.
Nb3 Nd6 34. Bd5 Nb5 35. Rb7 Nxa3 36. Nc5 h5 37. Ne6+ 1-0

[Event "C.to Regionale Lombardia"]
[Site "Monza ITA"]
[Date "2005.05.14"]
[Round "1"]
[White "Azzoni, Silvia"]
[Black "Vignoli, Matteo"]
[Result "0-1"]
[WhiteElo "1568"]
[BlackElo "1978"]
[PlyCount "60"]
[EventDate "2005.05.14"]

1. e4 e5 2. Nf3 Nc6 3. Bc4 Bc5 4. d3 Nf6 5. Bg5 d6 6. h3 Na5 7. Bb3 Nxb3 8.
cxb3 c6 9. O-O O-O 10. Nbd2 Be6 11. Re1 Qd7 12. Qc2 Nh5 13. Nf1 h6 14. Be3 Bxe3
15. Rxe3 c5 16. Rd1 Nf4 17. N3h2 b5 18. Rg3 a5 19. Ng4 Kh8 20. Qd2 f5 21. Ngh2
a4 22. Ne3 axb3 23. axb3 fxe4 24. dxe4 Bxb3 25. Re1 Be6 26. Nhg4 Nh5 27. Nd5
Bxd5 28. Qxd5 Nxg3 29. fxg3 Qf7 30. Qxd6 h5 0-1

[Event "C.to Regionale Lombardia"]
[Site "Monza ITA"]
[Date "2005.05.14"]
[Round "1"]
[White "Bencivenga, Antonio"]
[Black "Santelli, Francesco"]
[Result "0-1"]
[WhiteElo "1476"]
[BlackElo "1849"]
[PlyCount "42"]
[EventDate "2005.05.14"]

1. d4 Nf6 2. Nc3 d5 3. e4 Nxe4 4. Nxe4 dxe4 5. f3 Bf5 6. c3 e5 7. Bc4 exd4 8.
cxd4 Nc6 9. fxe4 Qh4+ 10. Kf1 Qxe4 11. Nf3 Be7 12. Bg5 O-O 13. Be3 Qxe3 14. Rc1
Bf6 15. Rc3 Qf4 16. g3 Bh3+ 17. Ke1 Rfe8+ 18. Be2 Qe4 19. Rg1 Nxd4 20. Kd2 Nxe2
21. Re1 Rad8+ 0-1

[Event "C.to Regionale Lombardia"]
[Site "Monza ITA"]
[Date "2005.05.14"]
[Round "1"]
[White "Bergonzoni, Carlo"]
[Black "Nardone, Massimo"]
[Result "1/2-1/2"]
[WhiteElo "1509"]
[BlackElo "1903"]
[PlyCount "59"]
[EventDate "2005.05.14"]

1. d4 f5 2. h3 d6 3. g4 fxg4 4. hxg4 Bxg4 5. Qd3 g6 6. Qb5+ Bd7 7. Qb3 Nc6 8.
c3 e6 9. Qc2 Qe7 10. Nf3 O-O-O 11. Bg5 Nf6 12. e3 Qf7 13. Bd3 Be7 14. Nbd2 Rde8
15. O-O-O e5 16. Bc4 d5 17. Bb5 exd4 18. Bxc6 Bxc6 19. cxd4 Ne4 20. Ne5 Qxf2
21. Bxe7 Rxe7 22. Nxg6 Rhe8 23. Nxe7+ Rxe7 24. Nxe4 Qxc2+ 25. Kxc2 dxe4 26.
Rdf1 Be8 27. Rh6 Bg6 28. Kc3 c6 29. Rf8+ Kc7 30. Rh4 1/2-1/2

[Event "C.to Regionale Lombardia"]
[Site "Monza ITA"]
[Date "2005.05.14"]
[Round "1"]
[White "Biava, Pierluigi"]
[Black "Vignoli, Ernesto"]
[Result "1-0"]
[WhiteElo "1739"]
[BlackElo "1287"]
[PlyCount "71"]
[EventDate "2005.05.14"]

1. f4 d5 2. Nf3 Nf6 3. e3 Bd7 4. Be2 Nc6 5. O-O e6 6. b3 Bd6 7. Bb2 Qe7 8. a4
e5 9. fxe5 Nxe5 10. Nxe5 Bxe5 11. Bxe5 Qxe5 12. Nc3 Qg5 13. Nb5 Bxb5 14. Bxb5+
c6 15. Bd3 Ne4 16. Rf4 f5 17. c4 O-O-O 18. cxd5 Rxd5 19. Bxe4 fxe4 20. Rxe4
Rhd8 21. d4 Qg6 22. Qg4+ Qxg4 23. Rxg4 g6 24. Rf1 Re8 25. Rf3 c5 26. Kf2 cxd4
27. Rxd4 Rh5 28. h3 Kc7 29. Rf7+ Kb6 30. Rb4+ Kc5 31. Rbxb7 Rf5+ 32. Rxf5+ gxf5
33. Rxa7 Rb8 34. Ra5+ Kb4 35. Rxf5 Kxb3 36. Rb5+ 1-0

[Event "C.to Regionale Lombardia"]
[Site "Monza ITA"]
[Date "2005.05.14"]
[Round "1"]
[White "Cammarota, Vittorio"]
[Black "Lapiccirella, Mattia"]
[Result "0-1"]
[WhiteElo "1709"]
[BlackElo "2220"]
[PlyCount "62"]
[EventDate "2005.05.14"]

1. d4 Nf6 2. Nf3 c5 3. e3 e6 4. c3 b6 5. Nbd2 Bb7 6. Bd3 Be7 7. Qe2 Nc6 8. O-O
Qc7 9. Rd1 O-O 10. h3 d5 11. dxc5 bxc5 12. e4 Rfe8 13. b3 a5 14. Bb2 a4 15. g4
Nd7 16. Nf1 Nde5 17. Bc2 a3 18. Bc1 Ba6 19. Qe3 d4 20. Qf4 Bd6 21. cxd4 Nxf3+
22. Qxf3 Nxd4 23. Rxd4 cxd4 24. Qd1 Rec8 25. Bd3 Qc3 26. Bxa6 Qxa1 27. Bc4 Bf4
28. Nd2 Qxa2 29. Kg2 Bxd2 30. Bxd2 Rxc4 31. bxc4 Qxc4 0-1

[Event "C.to Regionale Lombardia"]
[Site "Monza ITA"]
[Date "2005.05.14"]
[Round "1"]
[White "Cardona, Paolo"]
[Black "Folcini, Gaddo"]
[Result "1-0"]
[WhiteElo "1898"]
[BlackElo "1502"]
[PlyCount "33"]
[EventDate "2005.05.14"]

1. e4 e5 2. Nf3 d5 3. Qe2 Nf6 4. exd5 e4 5. d3 Qxd5 6. Bg5 Be6 7. dxe4 Nxe4 8.
Bf4 Bc5 9. Be3 Bxe3 10. Qxe3 Nc6 11. Be2 Nb4 12. Na3 O-O-O 13. O-O b6 14. Rad1
Qxa2 15. Qxe4 Bd5 16. Qxb4 c5 17. Qc3 1-0

[Event "C.to Regionale Lombardia"]
[Site "Monza ITA"]
[Date "2005.05.14"]
[Round "1"]
[White "D'Apa, Massimo"]
[Black "Fiorili, Roberto"]
[Result "0-1"]
[WhiteElo "1341"]
[BlackElo "1742"]
[PlyCount "48"]
[EventDate "2005.05.14"]

1. e4 c5 2. c3 d5 3. exd5 Qxd5 4. d4 Nf6 5. Nf3 Bg4 6. Bb5+ Nc6 7. Be3 O-O-O 8.
Bxc6 Qxc6 9. Qe2 e6 10. Nbd2 Bd6 11. O-O Qc7 12. g3 h5 13. Qc4 Nd7 14. Ng5 Nb6
15. Qd3 h4 16. f4 hxg3 17. hxg3 f5 18. Nxe6 Qf7 19. Nxd8 Qh5 20. Kf2 Qh2+ 21.
Ke1 Qxg3+ 22. Rf2 Rh1+ 23. Nf1 c4 24. Qd2 Nd5 0-1

[Event "C.to Regionale Lombardia"]
[Site "Monza ITA"]
[Date "2005.05.14"]
[Round "1"]
[White "Damia, Angelo"]
[Black "Mannoni, Luigi"]
[Result "1-0"]
[WhiteElo "2110"]
[BlackElo "1637"]
[PlyCount "66"]
[EventDate "2005.05.14"]

1. e4 d6 2. d4 Nc6 3. Nf3 Bg4 4. Bb5 a6 5. Ba4 b5 6. Bb3 e6 7. c3 Be7 8. h3 Bh5
9. g4 Bg6 10. d5 exd5 11. Bxd5 Qd7 12. Nd4 Nxd4 13. Bxa8 Qc8 14. Bd5 Ne6 15.
Bc6+ Kf8 16. Qe2 Nd8 17. Bd5 Nf6 18. O-O c6 19. Bb3 h5 20. f3 hxg4 21. hxg4 Ne6
22. Bxe6 Qxe6 23. Bf4 d5 24. Nd2 dxe4 25. Rae1 Bc5+ 26. Kg2 exf3+ 27. Qxf3
Qxg4+ 28. Qxg4 Nxg4 29. Ne4 Ne3+ 30. Bxe3 Bxe4+ 31. Kg3 Bd6+ 32. Bf4 Bxf4+ 33.
Kxf4 f5 1-0

[Event "C.to Regionale Lombardia"]
[Site "Monza ITA"]
[Date "2005.05.14"]
[Round "1"]
[White "Di Mauro, Valerio"]
[Black "D'Apa, Matteo"]
[Result "0-1"]
[WhiteElo "1586"]
[BlackElo "1993"]
[PlyCount "88"]
[EventDate "2005.05.14"]

1. e4 e5 2. Nf3 Nc6 3. d4 exd4 4. Bc4 Nf6 5. O-O d6 6. Bf4 Be7 7. e5 dxe5 8.
Nxe5 Nxe5 9. Bxe5 c5 10. c3 dxc3 11. Bb5+ Bd7 12. Bxd7+ Qxd7 13. Qxd7+ Nxd7 14.
Bxc3 O-O 15. Na3 Bf6 16. Rac1 b6 17. Nb5 Rfd8 18. Nc7 Rac8 19. Bxf6 Nxf6 20.
Rfd1 Kf8 21. Nb5 Rd7 22. Rxd7 Nxd7 23. Rd1 Ne5 24. f4 Nc6 25. Rd7 a6 26. Nd6
Rd8 27. Rxd8+ Nxd8 28. g3 b5 29. b3 Ke7 30. Ne4 Nb7 31. Kf2 f6 32. f5 Kd7 33.
Ke3 Kc6 34. Nc3 Nd6 35. g4 Nf7 36. Ne4 Kd5 37. h3 Ng5 38. Nxg5 fxg5 39. Kd3 b4
40. Ke3 c4 41. bxc4+ Kxc4 42. Kd2 b3 43. Kc1 bxa2 44. Kb2 Kd4 0-1

[Event "C.to Regionale Lombardia"]
[Site "Monza ITA"]
[Date "2005.05.14"]
[Round "1"]
[White "Faccio, Fabio"]
[Black "Pisani, Gennaro"]
[Result "1-0"]
[WhiteElo "1952"]
[BlackElo "1526"]
[PlyCount "85"]
[EventDate "2005.05.14"]

1. e4 c5 2. Nf3 d6 3. d4 cxd4 4. Nxd4 Nf6 5. Nc3 a6 6. Be2 Nc6 7. O-O Nxd4 8.
Qxd4 e5 9. Qd3 Be7 10. Bg5 O-O 11. Kh1 Be6 12. f4 Qc7 13. f5 Bc8 14. g4 b5 15.
Bxf6 Bxf6 16. Nd5 Qd8 17. Rad1 Ra7 18. Nxf6+ Qxf6 19. Qxd6 Qxd6 20. Rxd6 Rd7
21. Rfd1 Rfd8 22. Rxd7 Rxd7 23. Rxd7 Bxd7 24. b4 Kf8 25. Kg2 Ke7 26. Kf3 Kd6
27. c4 f6 28. Ke3 h6 29. Kd2 Kc7 30. Kc3 Bc6 31. Bd3 Kb6 32. c5+ Kc7 33. Bc2
Kd7 34. Kd3 Ke7 35. Bb3 Kd7 36. Bd5 Kc7 37. Bxc6 Kxc6 38. Ke3 a5 39. a3 axb4
40. axb4 Kd7 41. Kf3 Ke7 42. Kg3 Kf7 43. Kh4 1-0

[Event "C.to Regionale Lombardia"]
[Site "Monza ITA"]
[Date "2005.05.14"]
[Round "1"]
[White "Giuberchio, Cesare"]
[Black "Cattaneo, Dario"]
[Result "1-0"]
[WhiteElo "1973"]
[BlackElo "1556"]
[PlyCount "65"]
[EventDate "2005.05.14"]

1. e4 e6 2. d4 d5 3. Nc3 c5 4. Nf3 Nc6 5. Be2 cxd4 6. Nxd4 dxe4 7. Nxc6 Qxd1+
8. Bxd1 bxc6 9. Nxe4 Ba6 10. Bf4 Rd8 11. Bf3 f5 12. Ng5 Bd6 13. Nxe6 Bxf4 14.
Bxc6+ Ke7 15. Nxf4 Nf6 16. Rd1 Rxd1+ 17. Kxd1 Rd8+ 18. Kc1 Kf7 19. b4 g5 20.
Nh3 h6 21. b5 Bc8 22. Rd1 Ke7 23. f4 Rg8 24. Rd4 Ng4 25. Ra4 Nxh2 26. Rxa7+ Kd6
27. Rh7 Rg6 28. a4 Kc5 29. Rh8 Be6 30. a5 Bc4 31. a6 Bxb5 32. Bxb5 Kxb5 33. a7
1-0

[Event "C.to Regionale Lombardia"]
[Site "Monza ITA"]
[Date "2005.05.14"]
[Round "1"]
[White "Lanni, Vincenzo"]
[Black "Crippa, Gabriele"]
[Result "0-1"]
[WhiteElo "1625"]
[BlackElo "2099"]
[PlyCount "64"]
[EventDate "2005.05.14"]

1. d4 d6 2. g3 e5 3. Bg2 exd4 4. Qxd4 Nc6 5. Bxc6+ bxc6 6. Qe4+ Be7 7. Qxc6+
Bd7 8. Qa6 Qb8 9. Nf3 d5 10. Qd3 Bb5 11. Qxd5 Nf6 12. Qb3 Ne4 13. O-O O-O 14.
c4 Bd7 15. Nc3 Nxc3 16. Qxc3 Re8 17. Qc2 Bf6 18. Be3 Bc6 19. Rad1 Be4 20. Qb3
Qc8 21. Rd2 Rb8 22. Qa3 Qh3 23. Qxa7 g5 24. Qxc7 Rb7 25. Qd6 Re6 26. Qa3 Rb8
27. c5 Be7 28. Bxg5 Bxg5 29. Rd6 Rbe8 30. Rfd1 Bxf3 31. Qxf3 Rxe2 32. Qg2 Re1+
0-1

[Event "C.to Regionale Lombardia"]
[Site "Monza ITA"]
[Date "2005.05.14"]
[Round "1"]
[White "Marchesotti, Giovanni"]
[Black "Bettini, Massimo"]
[Result "1-0"]
[WhiteElo "1499"]
[BlackElo "1896"]
[PlyCount "32"]
[EventDate "2005.05.14"]

1. e4 e5 2. Nf3 Nc6 3. Bb5 f5 4. d3 fxe4 5. dxe4 Nf6 6. O-O Bc5 7. Nc3 d6 8. h3
O-O 9. Bg5 Qe8 10. Qe2 Nh5 11. Nd5 Ng3 12. Qc4 Qh5 13. Nf6+ Kh8 14. Nxh5 Nxh5
15. Bxc6 bxc6 16. Nxe5 h6 1-0

[Event "C.to Regionale Lombardia"]
[Site "Monza ITA"]
[Date "2005.05.14"]
[Round "1"]
[White "Merlini, Luigi"]
[Black "Marrone, Vincenzo"]
[Result "0-1"]
[WhiteElo "1456"]
[BlackElo "1838"]
[PlyCount "55"]
[EventDate "2005.05.14"]

1. e4 e6 2. d4 d5 3. exd5 exd5 4. Nf3 Bd6 5. Be2 Nf6 6. Bg5 O-O 7. O-O Re8 8.
Nc3 c6 9. Qd2 Bf5 10. Bd3 Bg4 11. Be2 Nbd7 12. Rae1 Qc7 13. h3 Bh5 14. Nh4 Bxe2
15. Rxe2 Rxe2 16. Qxe2 Re8 17. Qd2 h6 18. Bxf6 Nxf6 19. Nf5 Bb4 20. f3 c5 21.
Kh1 Qd7 22. g4 Qe6 23. Kg1 cxd4 24. Qxd4 Ba5 25. Nxd5 Qxd5 26. Qxa7 g6 27. c4
Qd8 28. Ng3 0-1

[Event "C.to Regionale Lombardia"]
[Site "Monza ITA"]
[Date "2005.05.14"]
[Round "1"]
[White "Milan, Paolo"]
[Black "Kokosar, Oliviero"]
[Result "1/2-1/2"]
[WhiteElo "1883"]
[BlackElo "1499"]
[PlyCount "108"]
[EventDate "2005.05.14"]

1. d4 d5 2. Nf3 Nf6 3. e3 e6 4. Bd3 Nbd7 5. Nbd2 c5 6. c3 c4 7. Bc2 Bd6 8. O-O
O-O 9. Qe2 b5 10. e4 dxe4 11. Nxe4 Be7 12. Bg5 Bb7 13. Bxf6 Nxf6 14. Rad1 Bd5
15. Ne5 Qc7 16. f4 Qb7 17. Nxf6+ Bxf6 18. f5 a5 19. Qh5 Bxe5 20. f6 Be4 21.
Bxe4 Qxe4 22. Qxe5 Qxe5 23. dxe5 Rfd8 24. g4 h6 25. h4 g6 26. Kf2 Kf8 27. Ke3
Ke8 28. b3 cxb3 29. axb3 Rd7 30. Rxd7 Kxd7 31. Rd1+ Kc7 32. c4 bxc4 33. Rc1 Kb6
34. Rxc4 Rd8 35. Ke4 Rd7 36. Rc8 Kb5 37. Rh8 Kb4 38. Rxh6 Kxb3 39. h5 gxh5 40.
Rxh5 a4 41. Rh3+ Kb2 42. g5 a3 43. Rh2+ Kb1 44. Rh1+ Kc2 45. Rh2+ Kc3 46. Rh3+
Kb4 47. g6 fxg6 48. Kf4 a2 49. Rh1 Kb3 50. Kg5 Kc2 51. Kxg6 Rd1 52. Rxd1 Kxd1
53. f7 a1=Q 54. f8=Q Qa2 1/2-1/2

[Event "C.to Regionale Lombardia"]
[Site "Monza ITA"]
[Date "2005.05.14"]
[Round "1"]
[White "Molteni, Costantino"]
[Black "Mazzarelli, Donato"]
[Result "1-0"]
[WhiteElo "1986"]
[BlackElo "1578"]
[PlyCount "73"]
[EventDate "2005.05.14"]

1. Nf3 Nc6 2. d4 d5 3. c4 e6 4. Nc3 Bb4 5. e3 Nf6 6. Qc2 h6 7. Bd3 Bd7 8. O-O
Bxc3 9. Qxc3 O-O 10. b3 Qe7 11. Bb2 Rfc8 12. a3 a5 13. Nd2 Nd8 14. e4 c6 15.
Rfe1 Qf8 16. e5 Nh7 17. Qc2 g6 18. Re3 Qg7 19. Rg3 Be8 20. Nf3 Nf8 21. Re1 b5
22. c5 a4 23. b4 Ra7 24. Bc1 h5 25. Bg5 Nh7 26. Bh4 Rd7 27. Re3 Rcc7 28. Ng5
Nf8 29. Ref3 Ra7 30. Nh3 Qh6 31. Nf4 Kh7 32. Bg5 Qg7 33. Bf6 Qh6 34. Nxh5 Kg8
35. Nf4 Nh7 36. Rh3 Qf8 37. Rxh7 1-0

[Event "C.to Regionale Lombardia"]
[Site "Monza ITA"]
[Date "2005.05.14"]
[Round "1"]
[White "Panaio, Luigi"]
[Black "Romano, Zeno"]
[Result "0-1"]
[WhiteElo "1416"]
[BlackElo "1767"]
[PlyCount "68"]
[EventDate "2005.05.14"]

1. e4 e5 2. Nf3 Nc6 3. Bb5 a6 4. Ba4 Nf6 5. Qe2 b5 6. Bb3 Be7 7. O-O O-O 8. c3
d6 9. d4 Bg4 10. Re1 Bxf3 11. Qxf3 exd4 12. Qd1 dxc3 13. Nxc3 Re8 14. Bc2 h6
15. a3 Bf8 16. b4 Ne5 17. Nd5 c5 18. bxc5 dxc5 19. Nxf6+ Qxf6 20. Bb2 Nf3+ 21.
Qxf3 Qxb2 22. Rec1 c4 23. g3 Rad8 24. a4 b4 25. Rab1 Qe5 26. Bd1 Qxe4 27. Qxe4
Rxe4 28. Bf3 Red4 29. Be2 Rc8 30. Rd1 Rxd1+ 31. Bxd1 b3 32. Be2 c3 33. Bxa6 c2
34. Rxb3 c1=Q+ 0-1

[Event "C.to Regionale Lombardia"]
[Site "Monza ITA"]
[Date "2005.05.14"]
[Round "1"]
[White "Paniga, Danilo"]
[Black "Gabetto, Flaviano"]
[Result "0-1"]
[WhiteElo "1665"]
[BlackElo "2136"]
[PlyCount "64"]
[EventDate "2005.05.14"]

1. d4 Nf6 2. Nf3 e6 3. e3 c5 4. c3 Nc6 5. Bd3 Qc7 6. O-O e5 7. dxe5 Nxe5 8.
Nxe5 Qxe5 9. Nd2 d5 10. e4 dxe4 11. Nxe4 Bd7 12. Ng5 Be7 13. Qb3 O-O 14. Qxb7
Rac8 15. Qf3 c4 16. Bf4 Qb5 17. Be4 h6 18. a4 Qa5 19. Nh3 Bg4 20. Qe3 Bc5 21.
Qg3 Bxh3 22. Bxh6 Bg4 23. Qh4 Bb6 24. Bh7+ Kxh7 25. Bg5+ Kg8 26. Bxf6 Bf5 27.
Be7 Rfe8 28. Bb4 Qe5 29. a5 Bc7 30. f4 Qe3+ 31. Kh1 Qd2 32. Qg5 Bd3 0-1

[Event "C.to Regionale Lombardia"]
[Site "Monza ITA"]
[Date "2005.05.14"]
[Round "1"]
[White "Peluso, Lorenzo"]
[Black "Olivo, Mario"]
[Result "0-1"]
[WhiteElo "1428"]
[BlackElo "1799"]
[PlyCount "78"]
[EventDate "2005.05.14"]

1. e4 c5 2. c3 d5 3. exd5 Qxd5 4. d4 Nf6 5. Nf3 Bg4 6. Be2 e6 7. O-O Be7 8. Bg5
O-O 9. Na3 a6 10. Be3 cxd4 11. Bxd4 Nc6 12. Nc2 Nxd4 13. Nfxd4 Bxe2 14. Qxe2
Rad8 15. Rad1 h6 16. Rfe1 Qg5 17. Nxe6 fxe6 18. Qxe6+ Rf7 19. Rxd8+ Bxd8 20.
Qc8 Qd5 21. Ne3 Qd7 22. Qxd7 Rxd7 23. b4 Rd2 24. Rd1 Rxd1+ 25. Nxd1 Ne4 26. c4
Kf7 27. Ne3 Ke6 28. f4 Nc3 29. a3 Ne2+ 30. Kf1 Nxf4 31. g3 Ng6 32. g4 Ke5 33.
Nf5 Bf6 34. Ke2 Ne7 35. Ne3 b6 36. a4 Kd4 37. b5 axb5 38. a5 bxa5 39. cxb5 Kc5
0-1

[Event "C.to Regionale Lombardia"]
[Site "Monza ITA"]
[Date "2005.05.14"]
[Round "1"]
[White "Perissinotto, Claudio"]
[Black "Redaelli, Gianfranco"]
[Result "1-0"]
[WhiteElo "2098"]
[BlackElo "1622"]
[PlyCount "57"]
[EventDate "2005.05.14"]

1. e4 c5 2. Nf3 e6 3. d4 cxd4 4. Nxd4 Nc6 5. Nc3 d6 6. Be3 Be7 7. Qd2 Bd7 8.
Ndb5 Nb4 9. O-O-O Bxb5 10. Bxb5+ Nc6 11. f4 a6 12. Be2 Qa5 13. Kb1 Rd8 14. f5
e5 15. Nd5 Qxd2 16. Rxd2 Nf6 17. Nxf6+ Bxf6 18. Rhd1 Ke7 19. c3 Rd7 20. b4 g6
21. g4 gxf5 22. g5 fxe4 23. gxf6+ Kxf6 24. Bg4 Rdd8 25. Bb6 Rde8 26. Rxd6+ Kg5
27. Bd7 Re7 28. Be3+ Kh4 29. Rh6# 1-0

[Event "C.to Regionale Lombardia"]
[Site "Monza ITA"]
[Date "2005.05.14"]
[Round "1"]
[White "Piantoni, Roberto"]
[Black "Tassini, Marco"]
[Result "1-0"]
[WhiteElo "2169"]
[BlackElo "1691"]
[PlyCount "45"]
[EventDate "2005.05.14"]

1. Nf3 Nf6 2. d4 e6 3. g3 c5 4. Bg2 cxd4 5. Nxd4 Be7 6. O-O O-O 7. c4 Nc6 8.
Nc3 a6 9. h3 Qb6 10. Be3 Qb4 11. Na4 Bd8 12. Nxc6 bxc6 13. Bc5 Qxc4 14. Rc1
Qxa2 15. Bxf8 Kxf8 16. Bxc6 Rb8 17. Qd6+ Ke8 18. Qxb8 dxc6 19. Qxc8 Qxa4 20.
Rfd1 Nd5 21. b3 Qa5 22. Rxc6 Qb4 23. Rxa6 1-0